Faculty of Law Library — Cairo University

Official Online Catalog

موسوعة صدقى فى القانون الجنائى : (Record no. 65233)

MARC details
000 -LEADER
fixed length control field 01999nam a2200361 i 4500
003 - CONTROL NUMBER IDENTIFIER
control field EG-GICUC
005 - DATE AND TIME OF LATEST TRANSACTION
control field 20260416151638.0
008 - FIXED-LENGTH DATA ELEMENTS--GENERAL INFORMATION
fixed length control field 260306s1994 ua ||||fr|||| 00| 0 ara d
017 ## - COPYRIGHT OR LEGAL DEPOSIT NUMBER
Copyright or legal deposit number 1994/2385
020 ## - INTERNATIONAL STANDARD BOOK NUMBER
International Standard Book Number 977200092X
040 ## - CATALOGING SOURCE
Original cataloging agency EG-GICUC
Language of cataloging ara
Transcribing agency EG-GICUC
Modifying agency EG-GICUC
Description conventions rda
041 ## - LANGUAGE CODE
Language code of text/sound track or separate title ara
082 04 - DEWEY DECIMAL CLASSIFICATION NUMBER
Edition number 21
Classification number 343.303
Item number ع ب . م
092 04 - LOCALLY ASSIGNED DEWEY CALL NUMBER (OCLC)
Edition number 21
099 ## - LOCAL FREE-TEXT CALL NUMBER (OCLC)
Classification number Law1 10 343.303 ع ب . م 1994
100 0# - MAIN ENTRY--PERSONAL NAME
Personal name عبد الرحيم صدقى
Relator term مؤلف.
245 10 - TITLE STATEMENT
Title موسوعة صدقى فى القانون الجنائى :
Statement of responsibility, etc. تأليف دكتور عبد الرحيم صدقى..
Number of part/section of a work المجلد التاسع،
-- المجلد العاشر،
Name of part/section of a work القانون الجنائى والمجتمع العالمى،
-- القانون الجنائى والإرهاب /
264 #1 - PRODUCTION, PUBLICATION, DISTRIBUTION, MANUFACTURE, AND COPYRIGHT NOTICE
Place of production, publication, distribution, manufacture القاهرة :
Name of producer, publisher, distributor, manufacturer مكتبة النهضة العربية،
Date of production, publication, distribution, manufacture, or copyright notice 1994.
264 #3 - PRODUCTION, PUBLICATION, DISTRIBUTION, MANUFACTURE, AND COPYRIGHT NOTICE
Place of production, publication, distribution, manufacture القاهرة :
Name of producer, publisher, distributor, manufacturer مطابع الهيئة العامة للكتاب،
Date of production, publication, distribution, manufacture, or copyright notice 1986.
300 ## - PHYSICAL DESCRIPTION
Extent مجلد :
Dimensions 24 سم.
336 ## - CONTENT TYPE
Source rda content
Content type term text
337 ## - MEDIA TYPE
Source rda media
Media type term Computer
338 ## - CARRIER TYPE
Source rda carrier
Carrier type term Online Resource
490 ## - SERIES STATEMENT
Series statement موسوعة صدقى فى القانون الجنائى ;
Volume/sequential designation المجلد التاسع،
-- المجلد العاشر
504 ## - BIBLIOGRAPHY, ETC. NOTE
Bibliography, etc. note يشتمل على إرجاعات ببليوجرافية.
505 ## - FORMATTED CONTENTS NOTE
Formatted contents note مج. 9، القانون الجنائى والمجتمع العالمى ، الجزء الأول ، القانون الدولى الجنائى، الجزء الثانى، القانون الجنائى الدولى، الجزء الثالث، الاختصاص القضائى الجنائى الدولى ، المجلد العاشر ، القانون الجنائى والإرهاب
546 ## - LANGUAGE NOTE
Language note النص باللغة العربية
650 1# - SUBJECT ADDED ENTRY--TOPICAL TERM
Topical term or geographic name entry element القانون الجنائي
650 1# - SUBJECT ADDED ENTRY--TOPICAL TERM
Topical term or geographic name entry element قانون الإجراءات الجنائية
General subdivision موسوعات / معاجم
856 40 - ELECTRONIC LOCATION AND ACCESS
Uniform Resource Identifier <a href="https://fll.law.cu.edu.eg/fulltext/bks/B10-08712.pdf">https://fll.law.cu.edu.eg/fulltext/bks/B10-08712.pdf</a>
905 ## - Cataloger and Reviser Names
Cataloger Name: Gomana
Revisor Name: Yara
942 ## - ADDED ENTRY ELEMENTS (KOHA)
Source of classification or shelving scheme Dewey Decimal Classification
Suppress in OPAC No
Koha item type Books
Edition 21
Holdings
Withdrawn status Lost status Source of classification or shelving scheme Materials specified (bound volume or other part) Damaged status Not for loan Collection Home library Current library Date acquired Total checkouts Full call number Barcode Date last seen Copy number Price effective from Koha item type
    Dewey Decimal Classification V9   Not for loan القانون الجنائي جــــامعة القــاهرة مكتبة كلية الحقوق - المبنى الرئيسي 06.03.2026   Law1 10 343.303 ع ب . م 1994 1008712 V9, C1 B10-08712 06.03.2026 1 06.03.2026 Books
    Dewey Decimal Classification V9     القانون الجنائي جــــامعة القــاهرة مكتبة كلية الحقوق - المبنى الرئيسي 06.03.2026   Law1 10 343.303 ع ب . م 1994 1008716 V9, C2 B10-08716 06.03.2026 2 06.03.2026 Books
    Dewey Decimal Classification V9     القانون الجنائي جــــامعة القــاهرة مكتبة كلية الحقوق - فـرع الشيخ زايد 16.03.2026   Law2 10 343.303 ع ب . م 1994 1008508 V9, C3 B10-08508 16.03.2026 3 16.03.2026 Books

© All rights reserved — Faculty of Law, Cairo University